| 000 | 01075nam2a22002531 4500 | ||
|---|---|---|---|
| 001 | RU\NLR\INFOCOMM16\1000047741 | ||
| 005 | 20250617045719.0 | ||
| 035 | _a(NLR Aleph) 002464376 | ||
| 090 |
_a2281139 _c2281139 |
||
| 100 | _a20040325d1891 |||y0rusy50 ca | ||
| 101 | 0 | _arus | |
| 102 | _aRU | ||
| 105 | _ay ||||||||| | ||
| 200 | 0 | _aТ.44, апр. | |
| 210 |
_d1891 _aБ. м. |
||
| 421 | 0 |
_12001#$aМесть карбонариев$eРоман$fТьерри О.Ж. _1700#1$aТьерри$bО.Ж. _1210##$aСпб.$d1891 _1309##$a(Припл.) _tМесть карбонариев _aТьерри, О.Ж. |
|
| 461 | 0 |
_1001RU\NLR\INFOCOMM16\1000047602 _12001#$aИсторический вестник$eИсторико-лит. журнал$vТ.44, апр. _92318366 _cСПб. _d1880-1917 _nизд. ред. С.Н. Шубинский _oИсторико-лит. журнал _tИсторический вестник _vТ.44, апр. |
|
| 801 | 1 |
_aRU _bInfoComm _c20040325 |
|
| 801 | 0 |
_aRU _bNLR _gPSBO |
|
| 852 |
_aNLR _j1/205 |
||
| 942 | _cISSUE | ||
| 980 | _aNB | ||
| 980 | _aRUSPER | ||